LEADER 01830oam 2200409 450 001 9910705674803321 005 20170516085551.0 035 $a(CKB)5470000002451647 035 $a(OCoLC)986240979 035 $a(EXLCZ)995470000002451647 100 $a20170509d2017 ua 0 101 0 $aeng 135 $aurbn||||a|||| 181 $ctxt$2rdacontent 182 $cc$2rdamedia 183 $acr$2rdacarrier 200 10$aDesignation of funding for Overseas Contingency Operations/Global War on Terrorism $ecommunication from the President of the United States transmitting designation for Overseas Contingency Operations/Global War on Terrorism all funding (including the rescission of funds) and contributions from foreign governments so designated by the Congress pursuant to the Consolidated Appropriations Act, 2017, sec. 6(b) 210 1$aWashington :$cU.S. Government Publishing Office,$d2017. 215 $a1 online resource (6 pages) 225 1 $aHouse document / 115th Congress, 1st session ;$v115-37 300 $a"May 8, 2017." 300 $a"Referred to the Committee on Appropriations." 517 $aDesignation of funding for Overseas Contingency Operations/Global War on Terrorism 606 $aTerrorism$xPrevention$xFinance 607 $aUnited States$xArmed Forces$xAppropriations and expenditures 607 $aUnited States$xAppropriations and expenditures, 2017 608 $aLegislative materials.$2lcgft 615 0$aTerrorism$xPrevention$xFinance. 701 $aTrump$b Donald$f1946-$0133422 712 02$aUnited States.$bCongress.$bHouse.$bCommittee on Appropriations, 801 0$bGPO 801 1$bGPO 801 2$bGPO 906 $aBOOK 912 $a9910705674803321 996 $aDesignation of funding for Overseas Contingency Operations$93458204 997 $aUNINA